000
00461nam a22001097a 4500
082
_a
333
100
_a
अग्रहरि,रवि पी
_9
73171
245
_a
पर्यावरणीय पारिस्थितिकी, जेव विविधता, जलवायु परिवर्तन एवं आपदा प्रबंधन
260
_a
Channai
_b
McGraw Hill
_c
2023
650
_a
पर्यावरण
_9
36465
942
_c
HIN
999
_c
66274
_d
66274